Chaotic evolution and strange attractors : the statistical analysis of time series for deterministic nonlinear systems /
Guardado en:
| Autor Principal: | |
|---|---|
| Formato: | Libro |
| Idioma: | English |
| Publicado: |
Cambridge ; New York :
Cambridge University Press,
1989.
|
| Series: | Lezioni lincee
|
| Materias: | |
| Acceso en línea: | Sample text Publisher description Table of contents |
| Etiquetas: |
Agregar Etiqueta
Sin Etiquetas, Sea el primero en etiquetar este registro!
|
| LEADER | 01444cam a2200325 a 4500 | ||
|---|---|---|---|
| 001 | MAT.inmabb003362 | ||
| 008 | 880617s1989####enka#####b####001#0#eng## | ||
| 005 | 20130326123251.0 | ||
| 245 | 1 | 0 | |a Chaotic evolution and strange attractors : |b the statistical analysis of time series for deterministic nonlinear systems / |c David Ruelle ; notes prepared by Stefano Isola from the Lezione Lincee, Rome, May 1987. |
| 260 | |a Cambridge ; |a New York : |b Cambridge University Press, |c 1989. | ||
| 300 | |a xi, 96 p. : |b il. ; |c 22 cm. | ||
| 440 | 0 | |a Lezioni lincee | |
| 500 | |a "Collects together a series of lectures given by David Ruelle at the Accademia dei Lincee (Rome, May 1987)"--Foreword. | ||
| 504 | |a Bibliografía: p. [89]-93. | ||
| 500 | |a Includes index. | ||
| 510 | 4 | |a MR, |c 91d:58169 | |
| 020 | |a 0521368308 (pbk.) | ||
| 020 | |a 0521362725 (hard) | ||
| 100 | 1 | |a Ruelle, David. | |
| 650 | 0 | |a Differentiable dynamical systems. | |
| 650 | 0 | |a Ergodic theory. | |
| 650 | 0 | |a Chaotic behavior in systems. | |
| 650 | 0 | |a Attractors (Mathematics) | |
| 084 | |a 37D45 (37Axx 76F99) |2 msc2000 | ||
| 010 | |a 88020317 | ||
| 040 | |a DLC |c DLC |d DLC | ||
| 856 | 4 | 1 | |3 Sample text |u http://www.loc.gov/catdir/samples/cam034/88020317.html |
| 856 | 4 | 2 | |3 Publisher description |u http://www.loc.gov/catdir/description/cam023/88020317.html |
| 856 | 4 | 1 | |3 Table of contents |u http://www.loc.gov/catdir/toc/cam029/88020317.html |
| 859 | |h 37 |i R921 |p A-7559 |b BIB. MATEMATICA | ||
